<?xml version="1.0" encoding="UTF-8"?>
<record
    xmlns:xsi="http://www.w3.org/2001/XMLSchema-instance"
    xsi:schemaLocation="http://www.loc.gov/MARC21/slim http://www.loc.gov/standards/marcxml/schema/MARC21slim.xsd"
    xmlns="http://www.loc.gov/MARC21/slim">

  <leader>00716nam a22002172a 4500</leader>
  <datafield tag="020" ind1=" " ind2=" ">
    <subfield code="a">9786273101613</subfield>
  </datafield>
  <datafield tag="040" ind1=" " ind2=" ">
    <subfield code="c">NSHSPK</subfield>
  </datafield>
  <datafield tag="082" ind1=" " ind2=" ">
    <subfield code="a">618.920025</subfield>
    <subfield code="b">KHI</subfield>
  </datafield>
  <datafield tag="100" ind1="1" ind2=" ">
    <subfield code="a">Khichi, Muhammad Aslam</subfield>
    <subfield code="9">126854</subfield>
  </datafield>
  <datafield tag="245" ind1="1" ind2=" ">
    <subfield code="a">Pocket guide : </subfield>
    <subfield code="b">emergency pediatrics /</subfield>
    <subfield code="c">Muhammad Aslam Khichi.</subfield>
  </datafield>
  <datafield tag="246" ind1="1" ind2="0">
    <subfield code="a">Emergency pediatrics</subfield>
  </datafield>
  <datafield tag="250" ind1=" " ind2=" ">
    <subfield code="a">Fifth edition</subfield>
  </datafield>
  <datafield tag="260" ind1=" " ind2=" ">
    <subfield code="a">Karachi (Pakistan) :</subfield>
    <subfield code="b">Paramount Books (Pvt.) Ltd.,</subfield>
    <subfield code="c">2024.</subfield>
  </datafield>
  <datafield tag="300" ind1=" " ind2=" ">
    <subfield code="a">vii, 290 pages :</subfield>
    <subfield code="b">illustrations ;</subfield>
    <subfield code="c">20 cm.</subfield>
  </datafield>
  <datafield tag="650" ind1=" " ind2="0">
    <subfield code="a">Pediatric emergencies.</subfield>
    <subfield code="9">113628</subfield>
  </datafield>
  <datafield tag="650" ind1=" " ind2="2">
    <subfield code="a">Emergencies.</subfield>
    <subfield code="9">126550</subfield>
  </datafield>
  <datafield tag="650" ind1=" " ind2="2">
    <subfield code="a">Pediatrics.</subfield>
    <subfield code="9">113391</subfield>
  </datafield>
  <datafield tag="700" ind1=" " ind2=" ">
    <subfield code="9">126853</subfield>
  </datafield>
  <datafield tag="942" ind1=" " ind2=" ">
    <subfield code="2">ddc</subfield>
    <subfield code="c">BK</subfield>
  </datafield>
  <datafield tag="999" ind1=" " ind2=" ">
    <subfield code="c">612288</subfield>
    <subfield code="d">612288</subfield>
  </datafield>
  <datafield tag="952" ind1=" " ind2=" ">
    <subfield code="0">0</subfield>
    <subfield code="1">0</subfield>
    <subfield code="2">ddc</subfield>
    <subfield code="4">0</subfield>
    <subfield code="7">0</subfield>
    <subfield code="a">NSHS</subfield>
    <subfield code="b">NSHS</subfield>
    <subfield code="c">GEN</subfield>
    <subfield code="d">2024-10-08</subfield>
    <subfield code="e">Allied Book Company</subfield>
    <subfield code="g">495.00</subfield>
    <subfield code="o">618.920025 KHI</subfield>
    <subfield code="p">NSHS-1935</subfield>
    <subfield code="r">2024-11-11</subfield>
    <subfield code="t">c.1</subfield>
    <subfield code="v">990.00</subfield>
    <subfield code="w">2024-10-08</subfield>
    <subfield code="y">BK</subfield>
  </datafield>
  <datafield tag="952" ind1=" " ind2=" ">
    <subfield code="0">0</subfield>
    <subfield code="1">0</subfield>
    <subfield code="2">ddc</subfield>
    <subfield code="4">0</subfield>
    <subfield code="7">0</subfield>
    <subfield code="a">NSHS</subfield>
    <subfield code="b">NSHS</subfield>
    <subfield code="c">GEN</subfield>
    <subfield code="d">2024-10-08</subfield>
    <subfield code="e">Allied Book Company</subfield>
    <subfield code="g">495.00</subfield>
    <subfield code="o">618.920025 KHI</subfield>
    <subfield code="p">NSHS-1936</subfield>
    <subfield code="r">2024-11-11</subfield>
    <subfield code="t">c.2</subfield>
    <subfield code="v">990.00</subfield>
    <subfield code="w">2024-10-08</subfield>
    <subfield code="y">BK</subfield>
  </datafield>
  <datafield tag="952" ind1=" " ind2=" ">
    <subfield code="0">0</subfield>
    <subfield code="1">0</subfield>
    <subfield code="2">ddc</subfield>
    <subfield code="4">0</subfield>
    <subfield code="7">0</subfield>
    <subfield code="a">NSHS</subfield>
    <subfield code="b">NSHS</subfield>
    <subfield code="c">GEN</subfield>
    <subfield code="d">2024-10-08</subfield>
    <subfield code="e">Allied Book Company</subfield>
    <subfield code="g">495.00</subfield>
    <subfield code="o">618.920025 KHI</subfield>
    <subfield code="p">NSHS-1937</subfield>
    <subfield code="r">2024-11-11</subfield>
    <subfield code="t">c.3</subfield>
    <subfield code="v">990.00</subfield>
    <subfield code="w">2024-10-08</subfield>
    <subfield code="y">BK</subfield>
  </datafield>
  <datafield tag="952" ind1=" " ind2=" ">
    <subfield code="0">0</subfield>
    <subfield code="1">0</subfield>
    <subfield code="2">ddc</subfield>
    <subfield code="4">0</subfield>
    <subfield code="7">0</subfield>
    <subfield code="a">NSHS</subfield>
    <subfield code="b">NSHS</subfield>
    <subfield code="c">GEN</subfield>
    <subfield code="d">2024-10-08</subfield>
    <subfield code="e">Allied Book Company</subfield>
    <subfield code="g">495.00</subfield>
    <subfield code="o">618.920025 KHI</subfield>
    <subfield code="p">NSHS-1938</subfield>
    <subfield code="r">2024-11-11</subfield>
    <subfield code="t">c.4</subfield>
    <subfield code="v">990.00</subfield>
    <subfield code="w">2024-10-08</subfield>
    <subfield code="y">BK</subfield>
  </datafield>
  <datafield tag="952" ind1=" " ind2=" ">
    <subfield code="0">0</subfield>
    <subfield code="1">0</subfield>
    <subfield code="2">ddc</subfield>
    <subfield code="4">0</subfield>
    <subfield code="7">0</subfield>
    <subfield code="a">NSHS</subfield>
    <subfield code="b">NSHS</subfield>
    <subfield code="c">GEN</subfield>
    <subfield code="d">2024-10-08</subfield>
    <subfield code="e">Allied Book Company</subfield>
    <subfield code="g">495.00</subfield>
    <subfield code="o">618.920025 KHI</subfield>
    <subfield code="p">NSHS-1939</subfield>
    <subfield code="r">2024-11-11</subfield>
    <subfield code="t">c.5</subfield>
    <subfield code="v">990.00</subfield>
    <subfield code="w">2024-10-08</subfield>
    <subfield code="y">BK</subfield>
  </datafield>
  <datafield tag="952" ind1=" " ind2=" ">
    <subfield code="0">0</subfield>
    <subfield code="1">0</subfield>
    <subfield code="2">ddc</subfield>
    <subfield code="4">0</subfield>
    <subfield code="7">0</subfield>
    <subfield code="a">NSHS</subfield>
    <subfield code="b">NSHS</subfield>
    <subfield code="c">GEN</subfield>
    <subfield code="d">2024-10-08</subfield>
    <subfield code="e">Allied Book Company</subfield>
    <subfield code="g">495.00</subfield>
    <subfield code="o">618.920025 KHI</subfield>
    <subfield code="p">NSHS-1940</subfield>
    <subfield code="r">2024-11-11</subfield>
    <subfield code="t">c.6</subfield>
    <subfield code="v">990.00</subfield>
    <subfield code="w">2024-10-08</subfield>
    <subfield code="y">BK</subfield>
  </datafield>
  <datafield tag="952" ind1=" " ind2=" ">
    <subfield code="0">0</subfield>
    <subfield code="1">0</subfield>
    <subfield code="2">ddc</subfield>
    <subfield code="4">0</subfield>
    <subfield code="7">0</subfield>
    <subfield code="a">NSHS</subfield>
    <subfield code="b">NSHS</subfield>
    <subfield code="c">GEN</subfield>
    <subfield code="d">2024-10-08</subfield>
    <subfield code="e">Allied Book Company</subfield>
    <subfield code="g">495.00</subfield>
    <subfield code="o">618.920025 KHI</subfield>
    <subfield code="p">NSHS-1941</subfield>
    <subfield code="r">2024-11-11</subfield>
    <subfield code="t">c.7</subfield>
    <subfield code="v">990.00</subfield>
    <subfield code="w">2024-10-08</subfield>
    <subfield code="y">BK</subfield>
  </datafield>
  <datafield tag="952" ind1=" " ind2=" ">
    <subfield code="0">0</subfield>
    <subfield code="1">0</subfield>
    <subfield code="2">ddc</subfield>
    <subfield code="4">0</subfield>
    <subfield code="7">0</subfield>
    <subfield code="a">NSHS</subfield>
    <subfield code="b">NSHS</subfield>
    <subfield code="c">GEN</subfield>
    <subfield code="d">2024-10-08</subfield>
    <subfield code="e">Allied Book Company</subfield>
    <subfield code="g">495.00</subfield>
    <subfield code="o">618.920025 KHI</subfield>
    <subfield code="p">NSHS-1942</subfield>
    <subfield code="r">2024-11-11</subfield>
    <subfield code="t">c.8</subfield>
    <subfield code="v">990.00</subfield>
    <subfield code="w">2024-10-08</subfield>
    <subfield code="y">BK</subfield>
  </datafield>
  <datafield tag="952" ind1=" " ind2=" ">
    <subfield code="0">0</subfield>
    <subfield code="1">0</subfield>
    <subfield code="2">ddc</subfield>
    <subfield code="4">0</subfield>
    <subfield code="7">0</subfield>
    <subfield code="a">NSHS</subfield>
    <subfield code="b">NSHS</subfield>
    <subfield code="c">GEN</subfield>
    <subfield code="d">2024-10-08</subfield>
    <subfield code="e">Allied Book Company</subfield>
    <subfield code="g">495.00</subfield>
    <subfield code="o">618.920025 KHI</subfield>
    <subfield code="p">NSHS-1943</subfield>
    <subfield code="r">2024-11-11</subfield>
    <subfield code="t">c.9</subfield>
    <subfield code="v">990.00</subfield>
    <subfield code="w">2024-10-08</subfield>
    <subfield code="y">BK</subfield>
  </datafield>
  <datafield tag="952" ind1=" " ind2=" ">
    <subfield code="0">0</subfield>
    <subfield code="1">0</subfield>
    <subfield code="2">ddc</subfield>
    <subfield code="4">0</subfield>
    <subfield code="7">1</subfield>
    <subfield code="a">NSHS</subfield>
    <subfield code="b">NSHS</subfield>
    <subfield code="c">REF</subfield>
    <subfield code="d">2024-10-08</subfield>
    <subfield code="e">Allied Book Company</subfield>
    <subfield code="g">495.00</subfield>
    <subfield code="o">R 618.920025 KHI</subfield>
    <subfield code="p">NSHS-1944</subfield>
    <subfield code="r">2024-11-11</subfield>
    <subfield code="t">c.10</subfield>
    <subfield code="v">990.00</subfield>
    <subfield code="w">2024-10-08</subfield>
    <subfield code="y">BK</subfield>
  </datafield>
</record>
